Loading...
| History - American | 0 | 3 | 0 | 0 | 30 | 79 | 109.00 | 1 | 2 | 0.00 | 0.00 |
| Science - Other | 0 | 2 | 0 | 0 | 20 | 107 | 112.50 | 0 | 0 | 0.00 | 0.00 |
| Pop Culture | 0 | 1 | 0 | 1 | 10 | 137 | 137.00 | 0 | 0 | 0.00 | 0.00 |
| History - European | 0 | 1 | 0 | 0 | 10 | 133 | 133.00 | 0 | 0 | 0.00 | 0.00 |
| Literature - World | 0 | 0 | 0 | 0 | 0 | 0.00 | 0 | 0 | 0.00 | 0.00 | |
| Science - Biology | 0 | 0 | 0 | 0 | 0 | 0.00 | 0 | 0 | 0.00 | 0.00 | |
| Literature - European | 0 | 0 | 0 | 0 | 0 | 0.00 | 0 | 0 | 0.00 | 0.00 | |
| Fine Arts - Painting and Sculpture | 0 | 0 | 0 | 0 | 0 | 0.00 | 0 | 0 | 0.00 | 0.00 | |
| Literature - American | 0 | 0 | 0 | 0 | 0 | 0.00 | 0 | 0 | 0.00 | 0.00 | |
| Fine Arts - Other | 0 | 0 | 0 | 0 | 0 | 0.00 | 0 | 0 | 0.00 | 0.00 | |
| Mythology | 0 | 0 | 1 | 0 | -5 | 0.00 | 0 | 0 | 0.00 | 0.00 |